[Event "Uru-ch 2020 Final"]
[Site "Montevideo"]
[Date "2021.03.16"]
[Round "4.4"]
[White "Roselli Mailhe, Bernardo"]
[Black "Hoffman, Alejandro"]
[Result "1/2-1/2"]
[WhiteElo "2429"]
[BlackElo "2474"]
[Annotator "TA"]
[PlyCount "84"]
[EventDate "2021.03.13"]
[EventType "swiss"]
[EventCountry "URU"]
[SourceTitle "playchess.com"]
[Source "ChessBase"]
[SourceQuality "1"]

{[%evp 14,84,20,0,15,9,6,2,10,0,0,-52,-48,-45,-44,-44,-45,-63,-48,-56,-39,-41,-14,-33,-48,-39,-38,-35,-15,-81,-87,-81,-85,-69,-65,-160,-66,-79,-61,-84,-94,-100,-44,-52,-2,-39,-2,-39,-39,-39,-42,-47,-49,-50,-50,-50,-46,-51,-35,-35,-35,-35,-8,-8,-8,-8,-8,-27,-27,-27,-27,-27,-27]} 1. e4 c5 2. Nf3 d6 3. d4 cxd4 4. Nxd4 Nf6 5. Nc3 g6 6. Be2 Bg7 7. O-O O-O 8. Nb3 a6 {B70: Sicilian Dragon: 6 g3 and 6 Be2 (without a later Be3).} 9. Re1 Nbd7 10. a4 b6 {The position is equal.} 11. Bf1 Bb7 12. Nd5 {[#]} (12. f3 $11) 12... Nxe4 $146 ({Predecessor:} 12... e6 13. Nc3 Qc7 14. Bf4 Ne5 15. Qd2 Rfd8 16. Bh6 Bh8 17. Bg5 Rd7 18. Qf4 Ne8 {0-1 (39) Mamedov,R (2688)-Nakamura,H (2779) Doha 2016}) 13. Rxe4 e6 14. c4 exd5 15. cxd5 Rc8 16. Rb4 Nc5 17. Be3 Re8 18. Nxc5 dxc5 19. Rb3 Re5 ({Of course not} 19... Bxd5 $6 20. Rd3 $11) 20. Bc4 Re4 $36 {[%mdl 2048] Black is more active.} (20... Bxd5 $2 21. Rd3 $1 $18) 21. Rc1 {[#]} (21. Be2 $1 $11 {remains equal.}) 21... Rxc4 $1 $17 {[%mdl 64] Remove Defender, Decoy} 22. Rxc4 {Hoping for d6.} Qxd5 {[%cal Rd5d1][%mdl 64] Double Attack} ({Don't go for} 22... Bxd5 $2 {[#]} 23. Rd3 $1 $18 {[%mdl 512]}) 23. Qf1 Qe6 {White must now prevent ...Bd5.} 24. Rbc3 Bxc3 (24... Bd5 $17 25. a5 Bxc4 26. Rxc4 bxa5) 25. Rxc3 $15 a5 26. Bh6 Qg4 27. h3 Qh5 (27... Qxa4 $17 28. Qe2 Qh4) 28. Qc1 Rd8 {aiming for ...Rd1+.} (28... Qd5 {is more complex.} 29. f3 f6 30. Qe3 Qd1+ 31. Kf2 Kf7) 29. Qf4 (29. f3 {keeps more tension.} Qe5 30. Qf4 Qd6 31. Qxd6 Rxd6 32. Bf4) 29... Qd1+ 30. Kh2 Qd6 31. Qxd6 Rxd6 {[%mdl 4096] Endgame KRB-KRB} 32. Re3 {[%cal Re3e8]} Bc6 33. b3 Re6 34. Rxe6 fxe6 {KB-KB} 35. Bf4 Bd5 36. Bc7 Bxb3 37. Bxb6 c4 38. Bxa5 Bxa4 39. Bc3 Kf7 40. f4 Ke7 {Black has an edge.} 41. Kg3 Kd6 42. Kf2 Kd5 {Weighted Error Value: White=0.14/Black=0.09} 1/2-1/2

[Event "Uru-ch 2020 Final"]
[Site "Montevideo"]
[Date "2021.03.16"]
[Round "4.5"]
[White "Coppola, Claudio"]
[Black "Carbone, Diego"]
[Result "0-1"]
[WhiteElo "2233"]
[BlackElo "2224"]
[Annotator "TA"]
[PlyCount "68"]
[EventDate "2021.03.13"]
[EventType "swiss"]
[EventCountry "URU"]
[SourceTitle "playchess.com"]
[Source "ChessBase"]
[SourceQuality "1"]

{[%evp 9,68,-7,0,-21,-25,-71,-58,-93,-109,-211,-206,-192,-113,-172,-91,-81,-95,-91,-79,-90,-93,-137,-53,-68,-56,-66,-79,-102,-71,-104,-96,-72,-84,-110,-111,-132,-27,-59,0,0,0,-246,-243,-232,-237,-281,-234,-233,-238,-287,-260,-257,-248,-281,-272,-289,-230,-226,0,-941,-926]} 1. d4 Nf6 2. Nc3 d5 3. Bf4 c5 4. e3 cxd4 5. exd4 a6 6. Qd2 {B13: Caro-Kann: Exchange Variation and Panov-Botvinnik Attack.} Nc6 7. O-O-O e6 {[#]} 8. a3 $146 {Black is slightly better.} ({Predecessor:} 8. f3 b5 9. Kb1 Bb4 10. Qe3 O-O 11. g4 Nd7 12. Nge2 Nb6 13. b3 Ba3 14. Ng3 {0-1 (26) Chmiel,M (2250)-Tomaszewski,K (2221) Szklarska Poreba 2017}) 8... b5 9. Nce2 (9. Nge2 $17 {is a better defense.}) 9... b4 10. a4 b3 (10... Bd7 $19 11. Qd3 h6) 11. cxb3 (11. Qc3 $17 Bb7 12. Qxb3) 11... Bd7 (11... Be7 $19 12. Kb1 Qb6) 12. Kb1 $17 Qb6 {[%mdl 1024] Black has strong compensation.} 13. Nc1 Na5 14. Qd3 Ne4 15. Qe3 Be7 (15... Rc8 $17 {Strongly threatening ...Nxb3!} 16. Bd3 Bxa4 17. Bxe4 dxe4) 16. Bd3 $1 $15 Nd6 ({Stronger than} 16... Nxb3 17. Bxe4 Na5 18. Bc2 $18) 17. Bc2 Rb8 18. Qc3 Rc8 19. Qe1 Nc6 {[%cal Ba5c6,Bc6b4,Bb4c2][%mdl 32]} 20. Nge2 Nb4 $36 {[%mdl 2048] White is under strong pressure.} 21. Nc3 Nxc2 22. Kxc2 {[#]} Nf5 (22... Nb7 $1 $17 {...Na5 is the strong threat.} 23. Kb1 Na5) 23. Kb1 $11 O-O ({But not} 23... Nxd4 $2 24. Be3 $18) ({Black should try} 23... Nh4 $15) 24. g4 $1 {[%cal Rg4f5]} Nxd4 25. Nxd5 $2 exd5 $19 26. Qxe7 Bxg4 27. Qe3 Bxd1 28. Rxd1 Qg6+ 29. Ka2 Nc6 {White must now prevent ...Nb4+.} 30. Nd3 d4 31. Qf3 Rfe8 32. Ka1 Na5 33. Qd5 {[#]} Nc6 (33... Qb6 $1 $19 34. b4 Nc6) 34. b4 $2 {[%mdl 8192] [#]} (34. Qf3 $11 Qf5 35. Rg1) 34... Qxd3 $1 {[%mdl 576] Remove Defender.  Weighted Error Value: White=0.51/Black=0.30} 0-1

[Event "Uru-ch 2020 Final"]
[Site "Montevideo"]
[Date "2021.08.18"]
[Round "5.1"]
[White "Carbone, Diego"]
[Black "Vazquez, Facundo"]
[Result "1/2-1/2"]
[WhiteElo "2234"]
[BlackElo "2199"]
[Annotator "TA"]
[PlyCount "46"]
[EventDate "2021.03.13"]
[EventType "swiss"]
[EventCountry "URU"]
[SourceTitle "playchess.com"]
[Source "ChessBase"]
[SourceQuality "1"]

{[%evp 15,46,33,39,36,33,31,39,31,27,24,34,35,18,0,8,-30,-24,-12,-23,-6,-14,-6,-41,-51,-57,-86,-84,-66,-68,-85,0,-68,-54]} 1. d4 Nf6 2. c4 e6 3. g3 d5 4. Bg2 dxc4 5. Nf3 a6 6. O-O Nc6 7. e3 Bd7 8. Qe2 b5 {8...Bd6 injects fresh life into this line.} 9. b3 {E04: Open Catalan: 5 Nf3.} cxb3 10. axb3 Be7 11. Bd2 {[%mdl 1024] White has compensation.White is slightly better.} Bd6 12. Rc1 O-O 13. Ne1 Qe8 14. Nd3 e5 15. Rxc6 Bxc6 16. Bxc6 Qxc6 17. dxe5 {[#]} Bxe5 18. Nxe5 Qd5 19. Nf3 Qxb3 {[#] And now ...Qb2 would win.} 20. Nc3 $146 {With the idea Nd4.} ({Predecessor:} 20. Ba5 c5 21. Nbd2 Qe6 22. e4 Rfe8 23. e5 Nd7 24. Re1 f6 25. Bc3 h6 26. Ne4 fxe5 {0-1 (38) Kunte,A (2485)-Short,N (2636) Bangkok 2019}) 20... c5 21. e4 Rfe8 22. e5 $1 {[#]} Nd7 (22... b4 $1 $17 23. Na4 {[#]} Qc2 $1) 23. Qe4 (23. Ne4 $1 $11) 23... Qe6 {Weighted Error Value: White=0.13/Black=0.07} 1/2-1/2

[Event "Uru-ch 2020 Final"]
[Site "Montevideo"]
[Date "2021.03.17"]
[Round "5.1"]
[White "Carbone, Diego"]
[Black "Vazquez, Facundo"]
[Result "1/2-1/2"]
[WhiteElo "2224"]
[BlackElo "2200"]
[Annotator "TA"]
[PlyCount "46"]
[EventDate "2021.03.13"]
[EventType "swiss"]
[EventCountry "URU"]
[SourceTitle "playchess.com"]
[Source "ChessBase"]
[SourceQuality "1"]

{[%evp 15,46,22,40,43,56,51,45,36,50,50,43,36,39,1,35,-24,-9,-16,-9,-4,-41,-22,-22,-44,-57,-72,-68,-56,-50,-57,0,-85,-11]} 1. d4 Nf6 2. c4 e6 3. g3 d5 4. Bg2 dxc4 5. Nf3 a6 6. O-O Nc6 7. e3 Bd7 8. Qe2 b5 9. b3 {E04: Open Catalan: 5 Nf3.} cxb3 10. axb3 Be7 11. Bd2 {[%mdl 1024] White has compensation.White is slightly better.} Bd6 12. Rc1 O-O 13. Ne1 Qe8 14. Nd3 e5 15. Rxc6 Bxc6 $11 16. Bxc6 Qxc6 17. dxe5 {[#]} Bxe5 18. Nxe5 Qd5 19. Nf3 Qxb3 {[#] Hoping for ...Qb2.} 20. Nc3 $146 {Black should prevent Nd4.} ({Predecessor:} 20. Ba5 c5 21. Nbd2 Qe6 22. e4 Rfe8 23. e5 Nd7 24. Re1 f6 25. Bc3 h6 26. Ne4 fxe5 {0-1 (38) Kunte,A (2485)-Short,N (2636) Bangkok 2019}) 20... c5 21. e4 Rfe8 22. e5 $1 {[#]} Nd7 (22... b4 $1 $15 23. Na4 Qc2 $1) 23. Qe4 {[#]} (23. Ne4 $11) 23... Qe6 {Weighted Error Value: White=0.23/Black=0.06} (23... f6 $1 $17 24. Qb7 Nxe5 25. Nxe5 fxe5) 1/2-1/2

[Event "Uru-ch 2020 Final"]
[Site "Montevideo"]
[Date "2021.03.17"]
[Round "5.3"]
[White "Michailov, Matias"]
[Black "Roselli Mailhe, Bernardo"]
[Result "0-1"]
[WhiteElo "2251"]
[BlackElo "2429"]
[Annotator "ChessBase"]
[PlyCount "86"]
[EventDate "2021.03.13"]
[EventType "swiss"]
[EventCountry "URU"]
[SourceTitle "playchess.com"]
[Source "ChessBase"]
[SourceQuality "1"]
[TimeControl "5400+30"]

1. e4 {[%emt 0:00:58]} e5 {[%emt 0:00:47]} 2. Nf3 {[%emt 0:00:53]} Nc6 {[%emt 0:02:00]} 3. Bb5 {[%emt 0:03:26]} a6 {[%emt 0:00:08]} 4. Ba4 {[%emt 0:00:06]} d6 {[%emt 0:00:54]} 5. c3 {[%emt 0:02:36]} Bd7 {[%emt 0:02:16]} 6. d4 {[%emt 0:01:08]} g6 {[%emt 0:00:55]} 7. O-O {[%emt 0:03:06]} Bg7 {[%emt 0:00:44]} 8. Re1 {[%emt 0:01:21]} Nf6 {[%emt 0:00:16]} 9. d5 {[%emt 0:04:39]} Ne7 {[%emt 0:04:09]} 10. c4 {[%emt 0:01:53]} b5 {[%emt 0:07:03]} 11. Bb3 {[%emt 0:10:00]} bxc4 {[%emt 0:06:37]} 12. Bxc4 {[%emt 0:00:08]} h6 {[%emt 0:00:36]} 13. Qd3 {[%emt 0:08:05]} O-O {[%emt 0:03:29]} 14. Nc3 {[%emt 0:02:56]} Bc8 {[%emt 0:10:25]} 15. Nd2 {[%emt 0:17:18]} c6 {[%emt 0:15:11]} 16. dxc6 {[%emt 0:03:31]} Nxc6 {[%emt 0:00:21]} 17. a3 {[%emt 0:05:09]} Nd4 {[%emt 0:12:31]} 18. Nf1 {[%emt 0:09:10]} Be6 {[%emt 0:03:55]} 19. Ne3 {[%emt 0:00:54]} a5 {[%emt 0:02:36]} 20. Ncd5 {[%emt 0:04:26]} Nd7 {[%emt 0:01:39]} 21. f3 {[%emt 0:02:54]} Nc5 {[%emt 0:02:08]} 22. Qd1 {[%emt 0:00:07]} f5 {[%emt 0:01:46]} 23. exf5 {[%emt 0:03:56]} gxf5 {[%emt 0:00:07]} 24. Bd2 {[%emt 0:00:19]} f4 {[%emt 0:06:46]} 25. Ng4 {[%emt 0:04:57]} a4 {[%emt 0:04:35]} 26. Bc3 {[%emt 0:02:53]} Nf5 {[%emt 0:04:00]} 27. Qe2 {[%emt 0:03:10]} Nh4 {[%emt 0:02:44]} 28. Kh1 {[%emt 0:03:01]} Ra7 {[%emt 0:03:07]} 29. Rad1 {[%emt 0:00:23]} Qg5 {[%emt 0:00:21]} 30. Nb6 {[%emt 0:00:52]} h5 {[%emt 0:00:47]} 31. Rxd6 {[%emt 0:00:19]} hxg4 {[%emt 0:00:35]} 32. Rxe6 {[%emt 0:00:29]} Nxe6 {[%emt 0:01:00]} 33. Bxe6+ {[%emt 0:00:02]} Kh8 {[%emt 0:00:13]} 34. Bxg4 {[%emt 0:00:22]} Re7 {[%emt 0:00:55]} 35. Nd5 {[%emt 0:00:51]} Ree8 {[%emt 0:00:15]} 36. Qe4 {[%emt 0:00:08]} Rd8 {[%emt 0:01:15]} 37. Nb4 {[%emt 0:01:10]} Nf5 {[%emt 0:00:43]} 38. Nc6 {[%emt 0:00:29]} Rde8 {[%emt 0:00:23]} 39. Bh3 {[%emt 0:00:36]} Ne3 {[%emt 0:00:26]} 40. Bd2 {[%emt 0:00:31]} Rf6 {[%emt 0:00:19]} 41. Re2 {[%emt 0:00:40]} Rd6 {[%emt 0:00:26]} 42. Qxa4 {[%emt 0:00:28]} Qg6 {[%emt 0:00:56]} 43. Bxe3 {[%emt 0:00:35]} fxe3 {[%emt 0:00:22]} 0-1

[Event "Uru-ch 2020 Final"]
[Site "Montevideo"]
[Date "2021.08.18"]
[Round "5.3"]
[White "Michailov, Matias"]
[Black "Roselli Mailhe, Bernardo"]
[Result "0-1"]
[WhiteElo "2249"]
[BlackElo "2434"]
[Annotator "TA"]
[PlyCount "86"]
[EventDate "2021.03.13"]
[EventType "swiss"]
[EventCountry "URU"]
[SourceTitle "playchess.com"]
[Source "ChessBase"]
[SourceQuality "1"]

{[%evp 15,86,35,30,29,29,10,8,15,18,18,29,8,18,13,32,36,55,37,51,23,30,0,8,3,16,-19,-18,-25,-25,-25,-22,-25,-14,-35,-33,-43,-35,-43,0,0,0,0,102,102,97,0,0,9,147,143,135,154,144,151,341,144,335,172,305,68,133,135,136,145,135,1,49,-192,-183,-210,-172,-389,-380]} 1. e4 e5 2. Nf3 Nc6 3. Bb5 a6 4. Ba4 d6 5. c3 Bd7 6. d4 g6 7. O-O Bg7 8. Re1 Nf6 9. d5 Ne7 10. c4 b5 11. Bb3 {The position is equal.} bxc4 12. Bxc4 h6 13. Qd3 O-O 14. Nc3 Bc8 15. Nd2 c6 16. dxc6 Nxc6 17. a3 Nd4 18. Nf1 Be6 {Strongly threatening ...Bxc4.} 19. Ne3 a5 20. Ncd5 Nd7 21. f3 Nc5 22. Qd1 f5 23. exf5 gxf5 24. Bd2 f4 25. Ng4 a4 {aiming for ...Ncb3.} 26. Bc3 Nf5 27. Qe2 Nh4 28. Kh1 Ra7 (28... Kh8 $11 {keeps the balance.}) 29. Rad1 $16 {[%cal Rc3e5]} Qg5 30. Nb6 (30. Bb4 $16 {Black must now prevent Nc3.} Kh8 31. Nc3 Bxc4 32. Qxc4) 30... h5 $11 31. Rxd6 hxg4 (31... Bxc4 $1 $11 32. Nxc4 (32. Qxc4+ Raf7 $11) 32... hxg4 33. Nxe5 Re7) 32. Rxe6 $16 (32. Bxe6+ Nxe6 33. Rxe6 gxf3 $11) 32... Nxe6 33. Bxe6+ Kh8 34. Bxg4 (34. fxg4 f3 $15) 34... Re7 $2 (34... Nf5 $16 {keeps fighting.} 35. Nc4 (35. Bxe5 Ne3 $11) 35... e4) 35. Nd5 (35. Nxa4 $6 e4 $18) (35. Bb4 $18 {is more deadly.}) 35... Ree8 $2 (35... Ref7 $16 36. Qc4 (36. Bxe5 Nxg2 37. Kxg2 Qxg4+ {[%mdl 64] Remove Defender} 38. fxg4 f3+ 39. Kg3 fxe2 $11) 36... Nf5 37. Qxa4 Nd4) 36. Qe4 (36. Nc7 $142) 36... Rd8 (36... Qg6 {was necessary.} 37. Bb4 (37. Qxa4 e4 $16) 37... Rf7) 37. Nb4 $2 (37. Bxe5 Rfe8 $11) ({Better is} 37. Nc7 $18) 37... Nf5 (37... Qg6 $14) 38. Nc6 $36 {[%mdl 2048] White has strong initiative.} ({Reject} 38. Bxe5 $6 Ne3 $11) 38... Rde8 39. Bh3 ({Don't go for} 39. Bxe5 $2 Ne3 $19) 39... Ne3 {[#]} 40. Bd2 ({Resist} 40. Qxa4 $6 e4 $14) (40. Rg1 $1 $16) 40... Rf6 $1 $11 41. Re2 $2 {[#]} (41. Qxa4 $14 Rh6 42. Bxe3 fxe3 43. Qe4) 41... Rd6 $1 $19 42. Qxa4 Qg6 {...Rxd2! is the strong threat.} 43. Bxe3 (43. Qe4 {was the only defense.} Rxc6 44. Bd7 Qxe4 45. fxe4) 43... fxe3 {Weighted Error Value: White=0.55/Black=0.29} 0-1

[Event "Uru-ch 2020 Final"]
[Site "Montevideo"]
[Date "2021.03.17"]
[Round "5.4"]
[White "Hoffman, Alejandro"]
[Black "Coppola, Claudio"]
[Result "1/2-1/2"]
[WhiteElo "2474"]
[BlackElo "2233"]
[Annotator "TA"]
[PlyCount "40"]
[EventDate "2021.03.13"]
[EventType "swiss"]
[EventCountry "URU"]
[SourceTitle "playchess.com"]
[Source "ChessBase"]
[SourceQuality "1"]

{[%evp 9,40,50,68,52,66,-2,60,56,45,31,35,49,61,55,51,79,64,57,46,20,14,27,21,0,0,0,35,54,29,-9,0,-28,-30]} 1. d4 Nf6 2. Nf3 c5 3. d5 b5 4. Bg5 Ne4 5. h4 {[#]} Nxg5 $146 ({Predecessor:} 5... g6 6. Bf4 Bg7 7. c3 Bb7 8. h5 e6 9. dxe6 dxe6 10. Qxd8+ Kxd8 11. Nbd2 Nxd2 12. O-O-O {1-0 (28) Mamedyarov,S (2775)-Shoker,S (2489) Tromsoe 2013}) 6. hxg5 {A43: Schmid Benoni.} g6 7. Qd3 ({White should try} 7. e4 $14) 7... b4 ({Black should play} 7... Bg7 $11 8. c3 (8. Qxb5 Na6 $11) 8... c4) 8. Nbd2 $14 {White is slightly better.} Bg7 9. Nc4 Ba6 10. O-O-O d6 11. Nfd2 h6 12. gxh6 Rxh6 13. Rxh6 Bxh6 14. e3 (14. Qh3 $5 {[%cal Rh3h6]} Bg7 15. e4 $11) 14... Kf8 15. Qe4 Nd7 {[%cal Bb8d7,Bd7f6,Bf6g4][%mdl 32]} 16. Bd3 Bg7 17. f4 Nf6 18. Qf3 Qd7 19. e4 Qg4 20. Qxg4 Nxg4 {Weighted Error Value: White=0.18/Black=0.12} 1/2-1/2

[Event "Uru-ch 2020 Final"]
[Site "Montevideo"]
[Date "2021.08.18"]
[Round "5.4"]
[White "Hoffman, Alejandro"]
[Black "Coppola, Claudio"]
[Result "1/2-1/2"]
[WhiteElo "2459"]
[BlackElo "2241"]
[Annotator "TA"]
[PlyCount "40"]
[EventDate "2021.03.13"]
[EventType "swiss"]
[EventCountry "URU"]
[SourceTitle "playchess.com"]
[Source "ChessBase"]
[SourceQuality "1"]

{[%evp 9,40,50,47,47,52,-4,56,54,50,33,35,29,44,65,48,46,51,53,51,7,10,8,38,-2,17,0,21,27,33,-9,-14,-26,-20]} 1. d4 Nf6 2. Nf3 c5 3. d5 b5 4. Bg5 Ne4 5. h4 {[#]} Nxg5 $146 ({Predecessor:} 5... g6 6. Bf4 Bg7 7. c3 Bb7 8. h5 e6 9. dxe6 dxe6 10. Qxd8+ Kxd8 11. Nbd2 Nxd2 12. O-O-O {1-0 (28) Mamedyarov,S (2775)-Shoker,S (2489) Tromsoe 2013}) 6. hxg5 {A43: Schmid Benoni.} g6 $1 7. Qd3 (7. Nbd2 $14) 7... b4 ({Better is} 7... Bg7 $11 8. c3 (8. Qxb5 Na6 $11) 8... b4) 8. Nbd2 $14 {White is slightly better.} Bg7 9. Nc4 Ba6 10. O-O-O d6 11. Nfd2 h6 12. gxh6 Rxh6 13. Rxh6 Bxh6 14. e3 (14. Qh3 $5 {[%cal Rh3h6]} Bg7 15. e4 $11) 14... Kf8 15. Qe4 Nd7 {[%cal Bb8d7,Bd7f6,Bf6g4][%mdl 32]} 16. Bd3 (16. Nxd6 $5 Bxf1 17. Nb7 $11) 16... Bg7 17. f4 Nf6 18. Qf3 Qd7 19. e4 {Threatening e5.} Qg4 20. Qxg4 Nxg4 {Weighted Error Value: White=0.20/Black=0.13} 1/2-1/2

[Event "Uru-ch 2020 Final"]
[Site "Montevideo"]
[Date "2021.08.18"]
[Round "5.5"]
[White "Dominguez, Facundo"]
[Black "Guerrero, Alvaro"]
[Result "1-0"]
[WhiteElo "2165"]
[BlackElo "2122"]
[Annotator "TA"]
[PlyCount "97"]
[EventDate "2021.03.13"]
[EventType "swiss"]
[EventCountry "URU"]
[SourceTitle "playchess.com"]
[Source "ChessBase"]
[SourceQuality "1"]

{[%evp 9,97,30,94,91,128,141,172,179,186,187,188,187,172,171,247,94,206,229,170,177,373,380,389,51,53,55,62,62,58,54,58,53,241,-108,51,-19,-19,-170,-162,-527,-373,-360,-38,-34,30,44,254,82,172,183,177,169,173,192,203,194,331,264,266,262,245,257,249,129,128,18,19,20,191,131,498,504,471,463,592,224,284,275,731,622,759,742,952,923,4922,4922,1983,1812,29958,29940]} 1. e4 c6 2. d4 d5 3. f3 Qb6 4. Nc3 e5 5. dxe5 d4 (5... Bc5 $11 6. Na4 (6. Nh3 Bxh3 7. gxh3 Nd7 $11) 6... Bf2+ 7. Ke2 Qd4 8. Qxd4 Bxd4) 6. Nce2 {[#] B12: Caro-Kann: Advance Variation.} Bc5 $146 ({Predecessor:} 6... c5 7. g3 Nc6 8. f4 c4 9. Bg2 Bc5 10. Nf3 Nge7 11. f5 Bd7 12. Bg5 O-O-O {0-1 (32) Paichadze,L (2565)-Janaszak,D (2348) Chess.com INT 2021}) 7. Qd3 a5 8. f4 {White is clearly better.} Na6 9. a3 f6 10. Nf3 fxe5 11. fxe5 Bg4 (11... Ne7 $142 12. Nf4 (12. Nfxd4 O-O $14) (12. Nexd4 Bg4 $16) 12... Qc7) 12. Qb3 $2 (12. Nexd4 $6 Nc7) (12. Nd2 $18) 12... Qa7 (12... Qxb3 $16 13. cxb3 Ne7) 13. Ng5 $18 Nh6 {With the idea ...d3!} 14. Ne6 Nf7 $2 (14... b5) 15. Nxg7+ Kf8 {[#]} 16. Nf5 $2 (16. Qg3 $1 $18 Rg8 17. Qxg4 Rxg7 18. Qf5) 16... d3 $1 $14 17. cxd3 (17. Bh6+ $2 Nxh6 18. Qe6 Bf2+ 19. Kd1 Nxf5 $19) 17... Bf2+ 18. Kd1 Nc5 19. Qc3 Rd8 20. Nd6 $1 Na4 $2 (20... Nxd3 $1 $14 21. Qxd3 Nxe5) 21. Qb3 $2 (21. Qd2 $18 Be6 22. Ng3 (22. Qf4 Bb3+ 23. Kd2 Qc5 $11)) 21... Nxe5 {[#]} (21... Nxd6 $17 22. Bh6+ (22. Qxa4 b5 $17) (22. exd6 Rxd6 23. Qc2 Nc5 $15) 22... Ke8 23. exd6 (23. Qxa4 $2 b5 $19) 23... Rxd6 24. Qxa4 Rxh6) 22. Bh6+ (22. Bf4 $1 $14 Rxd6 23. Bxe5) 22... Ke7 $11 23. Bg5+ $2 (23. Nf5+ $11 Bxf5 24. Bg5+ {[%mdl 64] Skewer} Kd7 25. exf5) 23... Kxd6 $19 24. Bxd8 $2 (24. Qxa4 Nxd3 25. Kc2 Qc5+ {[%mdl 64] Double Attack} 26. Nc3 Qxg5 27. Bxd3) 24... Rxd8 25. Qxa4 Qe3 $2 ({Don't play} 25... Nxd3 26. Kc2 $19) (25... Ke7 $19 {( -> ...Qe3)} 26. Kc2 Be6) 26. Qxa5 $15 Rd7 ({Black should try} 26... Qxd3+ $15 27. Qd2 Be3 28. Qxd3+ Nxd3) 27. Qd2 $11 {Qxe3 is the strong threat.} Qb6 {[#]} (27... Nxd3 $14 28. Kc2 Kc7 29. Qxe3 Bxe3) 28. Qb4+ $2 (28. Kc2 $1 $18 {and the rest is easy.}) 28... Qxb4 (28... Kc7 $16 {keeps fighting.} 29. Qxb6+ Bxb6) 29. axb4 $18 {And now Kc2 would win.} Nxd3 30. Kc2 Ke5 31. Nc3 Nxb4+ 32. Kb3 c5 (32... Bc5 $142) 33. h3 Be6+ 34. Bc4 Bxc4+ 35. Kxc4 Rd2 36. Ra7 (36. Rhb1 $18) 36... Nc6 $16 37. Ra8 (37. Ra2 $16) 37... Rxb2 $11 38. Re8+ Kf4 $2 (38... Kd6 $11 {and Black has nothing to worry.} 39. Rd1+ Bd4 40. Nb5+ Kd7 41. Nxd4 Kxe8 42. Nxc6 (42. Kxc5 Rxg2 43. Nf5 Rc2+ 44. Kd6 Re2 $14) 42... bxc6) 39. Rf1 (39. Rb1 $18 Na5+ 40. Kd5 Rd2+ 41. Ke6) 39... Ne5+ $2 {[%mdl 8192]} (39... Rc2 $16 {is more resistant.}) 40. Kd5 $18 Rd2+ 41. Ke6 Nd3 42. Rd8 $2 (42. e5) 42... c4 43. e5 {aiming for Rxf2+!} Ke3 (43... Nc5+ 44. Ke7 Rxd8 45. Kxd8 Kg3) 44. Rc8 Nf4+ 45. Kf5 Nxg2 46. Nd1+ Kf3 47. Rxf2+ Rxf2 48. Nxf2 Kxf2 49. e6 {Weighted Error Value: White=0.89/Black=0.94} 1-0

[Event "Uru-ch 2020 Final"]
[Site "Montevideo"]
[Date "2021.08.19"]
[Round "6.1"]
[White "Vazquez, Facundo"]
[Black "Guerrero, Alvaro"]
[Result "0-1"]
[WhiteElo "2199"]
[BlackElo "2122"]
[Annotator "TA"]
[PlyCount "98"]
[EventDate "2021.03.13"]
[EventType "swiss"]
[EventCountry "URU"]
[SourceTitle "playchess.com"]
[Source "ChessBase"]
[SourceQuality "1"]

{[%evp 16,98,14,8,4,14,3,16,10,1,43,44,44,29,43,35,41,45,52,50,42,40,41,44,50,52,58,35,44,37,45,41,42,4,9,0,45,0,36,-25,-10,-34,11,-17,0,0,0,-10,-15,-64,-62,-52,-43,-81,0,0,0,-29,139,143,135,0,0,0,0,0,0,0,0,0,0,0,0,0,0,0,60,56,79,66,81,81,212,66,75]} 1. d4 Nf6 2. c4 e6 3. Nf3 b6 4. g3 Ba6 5. b3 Bb7 6. Bg2 Bb4+ 7. Bd2 a5 8. O-O O-O 9. Bf4 a4 {E15: Queen's Indian: 4 g3 sidelines, 4 g3 Ba6 and 4 g3 Bb7 early deviations.} 10. bxa4 d6 11. Qb3 Na6 {[#] The position is equal.} 12. Rd1 $146 ({Predecessor:} 12. a3 Ba5 13. Bd2 Bxd2 14. Nbxd2 Nb8 15. c5 dxc5 16. dxc5 Nbd7 17. cxb6 cxb6 18. Nc4 {1-0 (65) Ikonnikov,V (2558)-Schoorl,R (2277) Dieren 2007}) 12... Ra7 13. Bd2 Bxd2 14. Rxd2 Ne4 15. Rd1 Nb8 16. Na3 Ra5 17. Nb5 Nd7 18. Ne1 Qb8 19. Nd3 Re8 20. Qc2 Nef6 21. Bxb7 Qxb7 22. c5 dxc5 23. dxc5 bxc5 24. Rab1 Qe4 25. Nc3 Qa8 26. Rb5 c6 27. Rb2 (27. Rxa5 $14 Qxa5 28. Nb2) 27... Qa6 28. Rdb1 Qc4 29. Qb3 Qg4 30. Qb7 Qd4 31. Rc2 Qd6 $1 {Strongly threatening ...Rb8.} 32. Rcb2 g6 {And now ...Rb8 would win.} 33. Qb3 Qd4 34. Qc2 Rc8 (34... Nd5 $17 35. Nxd5 exd5) 35. Rb7 $11 c4 36. Nf4 {Hoping for Rd1.} e5 $2 {[#]} (36... Ne5 $11) 37. Rd1 $1 $16 {[%cal Rd1d4]} Qc5 38. Nh3 ({White must play} 38. Rdxd7 $16 Nxd7 39. Ne4) 38... Ra7 $11 39. Rxa7 Qxa7 40. Ne4 Nxe4 41. Qxe4 c3 42. Ng5 h6 43. Nf3 Qc5 44. Rc1 ({Don't go for} 44. Rxd7 $2 c2 $19) 44... Rb8 45. Qd3 e4 46. Qxe4 $14 Nb6 47. Qf4 Rb7 48. Qxh6 {Threatens to win with Ng5.} Nxa4 (48... Nd5 $16 {was necessary.}) 49. Rd1 (49. Ng5 $18 {aiming for Rd1.} Qd5 50. Qh7+ Kf8 51. Qh8+ Ke7 52. Qh4) 49... Qf8 {[%mdl 32768] Weighted Error Value: White=0.18/Black=0.22. Loss on time!?} 0-1